01683nam a22002537a 450000500170000000800410001702000180005804000090007604100080008508200200009310000220011324500360013525000060017126000510017730000300022836500550025852009820031365000200129565000190131565000300133465000190136465000220138370000240140520220507122820.0220507b ||||| |||| 00| 0 eng d a9781108822909 cAloy aeng 223a537.6bGRII aDavid J Griffiths aIntroduction to electrodynamics a4 aNew Delhi:bCambridge University Press,c2020. axviii,604p.bPBc24x18cm. 2Physicsa514b636.00c₹d795.00e20%f05-05-2022 aThis well-known undergraduate Electrodynamics textbook is now available from Cambridge University press. The fourth edition provides a rigorous, yet clear and accessible treatment of the fundamentals of electromagnetic theory and offers a sound platform for explorations of related applications (AC circuits, antennas, transmission lines, plasmas, Optics and more). written keeping in mind the conceptual hurdles typically faced by undergraduate students, This textbook illustrates the theoretical steps with well-chosen examples and careful illustrations. It balances text and equations, allowing the Physics to shine through without compromising the rigour of the math, and includes numerous problems, varying from straightforward to elaborate, so that students can be assigned some problems to build their confidence and others to stretch their minds. A solutions manual is available to instructors teaching from the book; access can be requested from the resources section. aVector Analysis aElectrostatics aElectric Fields in Matter aMagnetostatics aConservation Laws aGRIFFITHS (David J)